|
|
|
|
| LEADER |
00947nam a2200229Ia 4500 |
| 001 |
TDMU_21005 |
| 008 |
210410s9999 xx 000 0 und d |
| 082 |
|
|
|a 372.6
|
| 090 |
|
|
|b NG527
|
| 100 |
|
|
|a Nguyễn, Trí
|
| 245 |
|
0 |
|a Phương pháp dạy học Tiếng Việt
|
| 245 |
|
0 |
|b Giáo trình chính thức đào tạo giáo viên tiểu học hệ CĐSP và sư phạm 12+2
|
| 245 |
|
0 |
|c Nguyễn Trí, Lê A, Lê Phương Nga
|
| 245 |
|
0 |
|n Tập 2
|
| 260 |
|
|
|a H.
|
| 260 |
|
|
|b Giáo dục
|
| 260 |
|
|
|c 2001
|
| 300 |
|
|
|a 236tr.
|
| 650 |
|
|
|a Giáo dục tiểu học
|x Tiếng Việt; Giáo dục tiểu học
|x Phương pháp dạy học; Tiếng Việt
|x Phương pháp dạy học
|x Tiểu học
|
| 700 |
|
|
|a Lê, Phương Nga
|
| 856 |
|
|
|u http://lrc.tdmu.edu.vn/opac/search/detail.asp?aID=2&ID=21005
|
| 980 |
|
|
|a Trung tâm Học liệu Trường Đại học Thủ Dầu Một
|